000 00517nam a2200157Ia 4500
008 240729s9999 xx 000 0 und d
022 _a2383-9449
245 0 _aJournal of Contemporary Eastern Asia
260 _aKorea, Republic of
260 _bWorld Association for Triple Helix and Future Strategy Studies
650 _a Social sciences and state - Asia (Asian studies only)
650 _aSocial Sciences
856 _uhttps://doaj.org/toc/8a74ab6289d04411913946c19ae1119c
942 _2ddc
942 _cDOAJEJ
999 _c70173
_d70173
945 _a1
_bMadushi Gamage
_c1
_dMadushi Gamage